| 000 | 00930cas a22002415a 4500 | ||
|---|---|---|---|
| 001 | L352 | ||
| 008 | 070711c1999 sa tr p 0 a0eng | ||
| 022 | 0 | _a1023-5302 | |
| 035 | _a(Sirsi) u98974 | ||
| 041 | 0 | _aeng | |
| 110 | 2 |
_aSouth African Council for Professional and Technical Surveyors _95266 |
|
| 245 | 0 | 0 | _aSouth African Journal of Surveying and Geo-information |
| 260 |
_aGonubie _bSouth African Council for Professional and Technical Surveyors _c1999- |
||
| 362 | 0 | _a1(1) April 1999-2(1) April 2001 | |
| 520 | _aIncorporates the South African Journal of Surveying and Mapping and South African Journal of Geo-Information. | ||
| 554 | _aThree per year | ||
| 651 | 4 | _aSouth Africa | |
| 690 | _aENVIRONMENTAL AND LAND CONSULTANCY-GEOMATICS-LAND SURVEYING | ||
| 780 | 0 | 0 | _tSouth African Journal of Surveying and Mapping |
| 780 | 0 | 0 | _tSouth African Journal of Geo-Information |
| 942 | _n0 | ||
| 948 | _c20/01/1995 | ||
| 999 |
_c118608 _d118608 |
||